000 00420nam a22001217a 4500
082 _a220 PRO
100 _aGC Waseem Ullah Khan GC Danish Manzoor GC Muhammad Anwar Pathan
_971150
245 _aPR-SOF-1729-IOT Based Smart Parking Solution
260 _aISLAMABAD
_bNUST COLLEGE OF EME
_c2018
650 _a DE-COMP-36 DECLASS
_971151
700 _aPROJECTxSUPERVISOR Dr Muhammad Abbas Lec. Ali Saeed
_971152
942 _cCR
999 _c577833
_d577833